000
00231nam a2200109 4500
020
_a
996620041X
082
0
_a
658.4
245
1
1
_a
Perspectives on leadership training
260
_a
Kenya
_c
1993
300
_a
264 p.
942
_2
ddc
_c
BK
999
_c
63978
_d
63952